000 00870nam a2200241 a 4500
001 000015613
003 DO-SdBNP
005 20240614130835.0
008 100215s2009 dr a 000 0 spa d
020 _a9789945415322
040 _aDO-SdBNP
_bspa
_cBNPHU
_erda
049 _aBNPD
082 _a658.408
_bM623p
100 1 _aMichelén E., Jesús Elías
_935197
245 1 0 _aPrimer estudio de percepción de la responsabilidad social empresarial (RSE) en República Dominicana /
_cJesús Elías Michelén E.
260 _aSanto Domingo :
_bPontificia Universidad Católica Madre y Maestra (PUCMM),
_c2009.
300 _a93 P. :
_bil. ;
_c29 cm.
500 _aIncluye notas p. 91
504 _aIncluye referencias bibliográficas (p. 93)
650 4 _aResponsabilidad social de los negocios
_935198
650 0 _aÉtica en los negocios
_935199
942 _2ddc
_cLBS1
999 _c15168
_d15168